"Tenth annual report,1967-68." (Record no. 690223)

MARC details
000 -LEADER
fixed length control field 00769nam a2200241Ia 4500
003 - CONTROL NUMBER IDENTIFIER
control field OSt
005 - DATE AND TIME OF LATEST TRANSACTION
control field 20220927105019.0
008 - FIXED-LENGTH DATA ELEMENTS--GENERAL INFORMATION
fixed length control field 220926b |||||||| |||| 00| 0 eng d
037 ## - SOURCE OF ACQUISITION
Terms of availability Reference Collections
040 ## - CATALOGING SOURCE
Original cataloging agency RTL
Transcribing agency RTL
Language of cataloging eng
041 ## - LANGUAGE CODE
Source of code eng
Language code of text/sound track or separate title eng
110 ## - MAIN ENTRY--CORPORATE NAME
Corporate name or jurisdiction name as entry element EXPORT CREDIT & GUARANTEE CORPORATION LTD.
9 (RLIN) 369428
245 #0 - TITLE STATEMENT
Title "Tenth annual report,1967-68."
260 ## - PUBLICATION, DISTRIBUTION, ETC.
Place of publication, distribution, etc. Bombay
Name of publisher, distributor, etc. Export Credit & Guarantee Corporation
Date of publication, distribution, etc. 1968
300 ## - PHYSICAL DESCRIPTION
Extent 22p.
Dimensions cm.
700 ## - ADDED ENTRY--PERSONAL NAME
Personal name EXPORT CREDIT & GUARANTEE CORPORATION LTD.
9 (RLIN) 369429
942 ## - ADDED ENTRY ELEMENTS (KOHA)
Classification part "X562:545.2.N68<N67r, K8"
Koha item type
Holdings
Withdrawn status Lost status Damaged status Not for loan Home library Current library Date acquired Total Checkouts Full call number Barcode Date last seen Price effective from Koha item type
        Ratan Tata Library Ratan Tata Library 2022-09-27   "X562:545.2.N68 RT0416486 2022-09-27 2022-09-27  
Copyright @ Delhi University Library System